Los valores revolucionarios de la educación ambiental / (Record no. 143372)

MARC details
000 -LEADER
campo de control de longitud fija 01000nam a2200265 i 4500
001 - NÚMERO DE CONTROL
campo de control 143372
003 - IDENTIFICADOR DE NÚMERO DE CONTROL
campo de control ES-MaACL
005 - FECHA Y HORA DE LA ÚLTIMA TRANSACCIÓN
campo de control 20250828023907.0
007 - CAMPO FIJO DE DESCRIPCIÓN FÍSICA--INFORMACIÓN GENERAL
campo de control de longitud fija t|
008 - DATOS DE LONGITUD FIJA--INFORMACIÓN GENERAL
campo de control de longitud fija 140915s2007 sp r ||||1| spa d
020 ## - NÚMERO INTERNACIONAL ESTÁNDAR DEL LIBRO
Número Internacional Estándar del Libro 978-84-8491-846-2
080 ## - NÚMERO DE LA CLASIFICACIÓN DECIMAL UNIVERSAL
Número de la Clasificación Decimal Universal 504:37.03
080 ## - NÚMERO DE LA CLASIFICACIÓN DECIMAL UNIVERSAL
Número de la Clasificación Decimal Universal 37.03
100 1# - ENTRADA PRINCIPAL--NOMBRE DE PERSONA
Nombre de persona Velázquez de Castro González, Federico,
Fechas asociadas al nombre 1949-
9 (RLIN) 155482
245 14 - MENCIÓN DEL TÍTULO
Título Los valores revolucionarios de la educación ambiental /
Mención de responsabilidad, etc. Federico Velázquez de Castro González.
260 ## - PUBLICACIÓN, DISTRIBUCIÓN, ETC.
Lugar de publicación, distribución, etc. [Granada] :
Nombre del editor, distribuidor, etc. Grupo Editorial Universitario,
Fecha de publicación, distribución, etc. [2007]
300 ## - DESCRIPCIÓN FÍSICA
Extensión 182 p. :
Otras características físicas il. ;
Dimensiones 24 cm.
504 ## - NOTA DE BIBLIOGRAFÍA, ETC.
Nota de bibliografía, etc. Bibliografía: p. [177]-182.
650 07 - PUNTO DE ACCESO ADICIONAL DE MATERIA--TÉRMINO DE MATERIA
Término de materia o nombre geográfico como elemento de entrada Derecho ambiental
Fuente del encabezamiento o término embne
9 (RLIN) 11652
650 07 - PUNTO DE ACCESO ADICIONAL DE MATERIA--TÉRMINO DE MATERIA
Término de materia o nombre geográfico como elemento de entrada Educación en valores
Fuente del encabezamiento o término embne
9 (RLIN) 12101
852 ## - LOCALIZACIÓN
Ubicación ES-MaACL
Número de control de estantería A-13244
itemnumber 148549
Sublocalización o colección R.150106
Ubicación en estantería Depósito 1
Signatura antigua Olim: N-6244
Donativo/Legado Donación: Federico Velázquez de Castro González
903 ## - NOMBRE PERSONAL DE DONANTE
a Velázquez de Castro González, Federico,
d 1949-
e Donante
9 155482
942 ## - ELEMENTOS DE ENTRADA SECUNDARIOS (KOHA)
Fuente del sistema de clasificación o colocación Clasificación decimal universal
Tipo de ítem Koha Libro impreso
Holdings
Estatus retirado Estado de pérdida Fuente del sistema de clasificación o colocación Estado de daño No para préstamo Biblioteca de origen Biblioteca actual Ubicación en estantería Fecha de adquisición Fuente de adquisición Total de préstamos Signatura topográfica completa Código de barras Visto por última vez Precio de reemplazo Tipo de ítem Koha
    Clasificación decimal universal     Biblioteca del Ateneo de Madrid Biblioteca del Ateneo de Madrid Depósito 1 17/01/2008 Donación   A-13244 1149167 23/02/2023 23/02/2023 Libro impreso